00732nam a2200157 a 4500008004100000050001800041110005500059245010600114260006800220300000900288350000900297650002500306995009900331999001700430952012700447100827s2010 ||||||||||||||||| || u aACU(02)2010/1 aThe Association of Commonwealth Universities (ACU)10aReport on the third conference of the international network of research management societies (INORMS) aCape TownbAssociation of Commonwealth Universities (ACU)c2010 a28p. a0.00 aINNOVATION--RESEARCH D0.00FCBU-MAIN LIBRARY (Kitwe)H1I0.00M1UAVAILABLEWSep 1, 2010ZInternational Publications c56232d56232 00102lcc4070a001b001cInternational Publicationsd2022-11-30l0oACU(02)2010/1p03007061r2022-11-30w2022-11-30y002